000 00438nam a2200205Ia 4500
001 14462
003 GE_BSU
008 181216s||||||||xx |||||||||||||| ||und||
020 _a9780007168200
040 _cGE_BSU
080 _a821.111-22
100 _aWaugh,Daisy
245 _aBordeaux Housewives
260 _aLondon
260 _bHarper
260 _c2006
300 _a420p.20cm.
653 _aBordeaux Housewives
942 _cBK
999 _c47595
_d47595